Die Besatzungsmächte Deutschlands - Statistiken

Allgemein
  • Dieses Quiz wurde 535 mal gespielt
  • Das Durchschnittsergebnis liegt bei 4 aus 5
Antworten auf der Karte
Die Antworten werden auf der Karte rot bzw. grün angezeigt, abhängig davon wie oft sie richtig erraten wurden.
 
Antwortstatistiken
Besatzungszone % Korrekt
{Amerikanische} Zone
99%
{Französische} Zone
99%
{Britische} Zone
95%
{Sowjetische} Zone
95%
Saarland
61%
Keine übereinstimmenden Quizze gefunden
Verteilung der Resultate
Anzahl Personen mit jedem Resultat
Perzentil nach korrekt beantworteten Fragen
Ihre Resultats-Entwicklung
Sie haben dieses Quiz noch nicht gespielt